Vakyapadiya of bhartrhari. Chapter 2 (Record no. 95169)

MARC details
000 -LEADER
fixed length control field 00517nam a2200205Ia 4500
003 - CONTROL NUMBER IDENTIFIER
control field OSt
005 - DATE AND TIME OF LATEST TRANSACTION
control field 20260508124823.0
008 - FIXED-LENGTH DATA ELEMENTS--GENERAL INFORMATION
fixed length control field 210210b1974 xxu||||| |||| 00| 0 eng d
020 ## - INTERNATIONAL STANDARD BOOK NUMBER
International Standard Book Number 0 8426 0617 3
040 ## - CATALOGING SOURCE
Transcribing agency AL
041 ## - LANGUAGE CODE
Language code of text/sound track or separate title English
082 ## - DEWEY DECIMAL CLASSIFICATION NUMBER
Classification number S491.802 IYEV
100 ## - MAIN ENTRY--PERSONAL NAME
Personal name IYER (K A Subramania).
9 (RLIN) 263618
245 ## - TITLE STATEMENT
Title Vakyapadiya of bhartrhari. Chapter 2
260 ## - PUBLICATION, DISTRIBUTION, ETC.
Place of publication, distribution, etc. Delhi.
Name of publisher, distributor, etc. Motilal Banarsidass.,
Date of publication, distribution, etc. 1974
300 ## - PHYSICAL DESCRIPTION
Extent xvi,412
690 ## - LOCAL SUBJECT ADDED ENTRY--TOPICAL TERM (OCLC, RLIN)
Topical term or geographic name as entry element Sanskrit Usage
9 (RLIN) 263619
906 ## - LOCAL DATA ELEMENT F, LDF (RLIN)
a 045936
942 ## - ADDED ENTRY ELEMENTS (KOHA)
Source of classification or shelving scheme Dewey Decimal Classification
Koha item type Book
Holdings
Withdrawn status Lost status Source of classification or shelving scheme Damaged status Not for loan Collection code Home library Current library Shelving location Date acquired Cost, normal purchase price Total Checkouts Full call number Barcode Date last seen Price effective from Koha item type
    Dewey Decimal Classification     Sanskrit St Aloysius Library St Aloysius Library   02/17/2021 120.00   S491.802 IYEV 045936 02/17/2021 02/17/2021 Book